000 00235nam a22000977a 4500
100 _aSingh,Vijay Pal
_980675
245 _aCollected Stories of O. Henry
260 _aDelhi
_bSahitya Surbhi
_c2017
650 _aStories
_980676
942 _cBK
999 _c63965
_d63965